| 000 | 01244cem a2200325 i 4500 | ||
|---|---|---|---|
| 001 | 18371296 | ||
| 003 | EG-ScBUE | ||
| 005 | 20221129114600.0 | ||
| 008 | 141113r19621959enk e 0 eng d | ||
| 040 |
_aDLC _beng _erda _cDLC _dEG-ScBUE |
||
| 082 | 0 | 4 |
_222 _a912.133 _bECO |
| 110 | 2 |
_aEconomist Intelligence Unit (Great Britain), _eauthor. |
|
| 245 | 1 | 0 |
_aOxford economic atlas of the world / _cprepared by the Economist Intelligence Unit and the Cartographic Department of the Clarendon Press. |
| 246 | 3 | 0 | _aEconomic atlas of the world |
| 250 | _aSecond edition. | ||
| 250 | _aReprinted edition. | ||
| 264 | 1 |
_aOxford : _bOxford University Press, _c1962. |
|
| 300 |
_a1 atlas (viii, 128, 152 pages) : _bcolor illustrations, color maps ; _c27 cm |
||
| 336 |
_acartographic image _bcri _2rdacontent |
||
| 337 |
_aunmediated _bn _2rdamedia |
||
| 338 |
_avolume _bnc _2rdacarrier |
||
| 650 | 0 |
_aEconomic geography _vMaps. _2BUEsh |
|
| 653 |
_bBUSECO _cNovember2022 |
||
| 655 | 7 |
_aWorld atlases. _2lcgft _vReading book |
|
| 710 | 2 |
_aOxford University Press. _bCartographic Department, _eauthor. |
|
| 906 |
_a7 _bcbc _corigcop _du _encip _f20 _gy-geogmaps |
||
| 942 |
_2ddc _cBB |
||
| 999 |
_c30059 _d30030 |
||